Welcome to CU Library Online Public Access Catalogue (OPAC)

Strategic management and business policy. (Record no. 5377)

MARC details
000 -LEADER
fixed length control field 00659cam a22002054a 4500
001 - CONTROL NUMBER
control field 12488468
005 - DATE AND TIME OF LATEST TRANSACTION
control field 20250405171943.0
008 - FIXED-LENGTH DATA ELEMENTS--GENERAL INFORMATION
fixed length control field 010731s2002 njua b 001 0 eng
020 ## - INTERNATIONAL STANDARD BOOK NUMBER
International Standard Book Number 013065132X (pbk.)
050 00 - LIBRARY OF CONGRESS CALL NUMBER
Classification number HD30.28
Item number .W43 2002b
082 00 - DEWEY DECIMAL CLASSIFICATION NUMBER
Classification number 658.4/012
Edition information 21
100 1# - MAIN ENTRY--PERSONAL NAME
Personal name Wheelen, Thomas L.
245 10 - TITLE STATEMENT
Title Strategic management and business policy.
Name of part/section of a work Cases /
Statement of responsibility, etc. Thomas L. Wheelen, J. David Hunger.
250 ## - EDITION STATEMENT
Edition statement 8th ed.
260 ## - PUBLICATION, DISTRIBUTION, ETC.
Place of publication, distribution, etc. Upper Saddle River, NJ :
Name of publisher, distributor, etc. Prentice Hall,
Date of publication, distribution, etc. c2002.
300 ## - PHYSICAL DESCRIPTION
Extent 1 v. (various pagings) :
Other physical details ill. ;
Dimensions 26 cm.
650 #0 - SUBJECT ADDED ENTRY--TOPICAL TERM
Topical term or geographic name entry element Strategic planning
Form subdivision Case studies.
700 1# - ADDED ENTRY--PERSONAL NAME
Personal name Hunger, J. David,
Dates associated with a name 1941-
942 ## - ADDED ENTRY ELEMENTS (KOHA)
Source of classification or shelving scheme Library of Congress Classification
Koha item type Books
Suppress in OPAC No
999 ## -
-- 5377
-- 5377
Holdings
Withdrawn status Lost status Source of classification or shelving scheme Damaged status Not for loan Collection Home library Current library Shelving location Date acquired Total checkouts Full call number Barcode Date last seen Copy number Price effective from Koha item type
    Library of Congress Classification     Non-fiction Undergraduate Library (Christ Temple) Undergraduate Library (Christ Temple) General stacks 04/05/2025   HD30.28 WHE ulct00002105 04/05/2025 1 04/05/2025 Books
    Library of Congress Classification     Non-fiction Undergraduate Library (Christ Temple) Undergraduate Library (Christ Temple) General stacks 04/05/2025   HD30.28 WHE ulct00002106 04/05/2025 2 04/05/2025 Books
© 2023-2024 Copyright: Central University Libraries. All Rights Reserved | Created by: Mahone Tech Office